High-end residential prices largely flat across Asia (Record no. 114163)

MARC details
000 -LEADER
fixed length control field 01083cad a22002655a 4500
001 - CONTROL NUMBER
control field L156297
008 - FIXED-LENGTH DATA ELEMENTS--GENERAL INFORMATION
fixed length control field 120511s2012 xxk f 000 0 eng d
035 ## - SYSTEM CONTROL NUMBER
System control number (Sirsi) u156297
041 0# - LANGUAGE CODE
Language code of text/sound track or separate title eng
110 2# - MAIN ENTRY--CORPORATE NAME
Corporate name or jurisdiction name as entry element Jones Lang LaSalle
9 (RLIN) 3755
245 00 - TITLE STATEMENT
Title High-end residential prices largely flat across Asia
Medium [electronic resource]
260 ## - PUBLICATION, DISTRIBUTION, ETC.
Place of publication, distribution, etc. India
Name of publisher, distributor, etc. Jones Lang LaSalle
Date of publication, distribution, etc. 2012
490 #0 - SERIES STATEMENT
Series statement The Residential Index
Volume/sequential designation May 2012
520 ## - SUMMARY, ETC.
Summary, etc. The luxury residential markets in Hong Kong, Beijing, Shanghai, Bangkok, Kuala Lumpur, Jakarta and Mumbai remain flat. Capital values increased slightly in Hong Kong, Bankok, Kuala Lumpur, Jakarta and Mumbai in 1 Qr 2012 whilst Beijing, Shanghai and Singapore fell.
590 ## - LOCAL NOTE (RLIN)
Local note KA
651 #4 - SUBJECT ADDED ENTRY--GEOGRAPHIC NAME
Geographic name China
651 #4 - SUBJECT ADDED ENTRY--GEOGRAPHIC NAME
Geographic name Thailand
651 #4 - SUBJECT ADDED ENTRY--GEOGRAPHIC NAME
Geographic name Singapore
651 #4 - SUBJECT ADDED ENTRY--GEOGRAPHIC NAME
Geographic name Malaysia
Chronological subdivision 1965-
651 #4 - SUBJECT ADDED ENTRY--GEOGRAPHIC NAME
Geographic name Indonesia
651 #4 - SUBJECT ADDED ENTRY--GEOGRAPHIC NAME
Geographic name India
690 ## - LOCAL SUBJECT ADDED ENTRY--TOPICAL TERM (OCLC, RLIN)
Topical term or geographic name as entry element Residential property
9 (RLIN) 6266
856 40 - ELECTRONIC LOCATION AND ACCESS
Uniform Resource Identifier <a href="https://www.joneslanglasalle.co.in/ResearchLevel1/TheResidentialIndex-May2012.pdf">https://www.joneslanglasalle.co.in/ResearchLevel1/TheResidentialIndex-May2012.pdf</a>
Public note http://www.savills.co.uk/research/european-research.aspx
942 ## - ADDED ENTRY ELEMENTS (KOHA)
Suppress in OPAC 0
Holdings
Withdrawn status Lost status Source of classification or shelving scheme Damaged status Not for loan Home library Current library Shelving location Date acquired Total Checkouts Full call number Barcode Date last seen Copy number Price effective from Koha item type
    Dewey Decimal Classification     Virtual Virtual Online 11/05/2012   ONLINE PUBLICATION 156297-2001 06/08/2019 1 06/08/2019 Book